000 00625nam a22001937a 4500
003 OSt
005 20170310160951.0
008 170310b xxu||||| |||| 00| 0 eng d
020 _a0397548125
040 _c040a
082 _aWY 100
_bC614 1991
245 _aClassification of nursing diagnoses:
_bproceedings of the ninth conference /
_cRose Mary Carroll-Johnson
260 _aPhiladelphia
_bJ. B Lippincott company
_c1991
300 _axx, 421p;
_c14 cm.
504 _aIncludes bibliographical references and index
650 _aNursing diagnosis
_96489
700 _aCarroll-Johnson, Rose Mary
_911822
942 _2z
_cO_SHELF
999 _c5672
_d5672